000 00708nam a2200253Ia 4500
003 OSt
005 20220924114358.0
006 a|||||r|||| 00| 0
007 ta
008 220923b |||||||| |||| 00| 0 ara d
020 _c225.00
024 _a337296
037 _cTextual
040 _aARTS
_cARTS
_bara
041 _2ara
_aara
082 _aO28,1D01:g, N3
100 _aNasiruddin Mehdi Muhammad Ed.
_9173245
245 0 _aSharah diwan Jamil Busaina
260 _aBairut
_bDar-al-kutub-al-ilmiya Lebanon
_c1993
300 _a104p.
_ccm.
650 _aARABIC POETRY
942 _hO28,1D01:g, N3
_cTEXL
_2CC
999 _c393273
_d393273